<?xml version="1.0" encoding="UTF-8"?><?xml-stylesheet type="text/xsl" href="static/style.xsl"?><OAI-PMH xmlns="http://www.openarchives.org/OAI/2.0/" xmlns:xsi="http://www.w3.org/2001/XMLSchema-instance" xsi:schemaLocation="http://www.openarchives.org/OAI/2.0/ http://www.openarchives.org/OAI/2.0/OAI-PMH.xsd"><responseDate>2026-04-17T10:48:42Z</responseDate><request verb="GetRecord" identifier="oai:www.recercat.cat:2072/412992" metadataPrefix="marc">https://recercat.cat/oai/request</request><GetRecord><record><header><identifier>oai:recercat.cat:2072/412992</identifier><datestamp>2025-04-27T01:42:30Z</datestamp><setSpec>com_2072_98</setSpec><setSpec>col_2072_378192</setSpec></header><metadata><record xmlns="http://www.loc.gov/MARC21/slim" xmlns:dcterms="http://purl.org/dc/terms/" xmlns:xsi="http://www.w3.org/2001/XMLSchema-instance" xmlns:doc="http://www.lyncode.com/xoai" xsi:schemaLocation="http://www.loc.gov/MARC21/slim http://www.loc.gov/standards/marcxml/schema/MARC21slim.xsd">
   <leader>00925njm 22002777a 4500</leader>
   <datafield ind2=" " ind1=" " tag="042">
      <subfield code="a">dc</subfield>
   </datafield>
   <datafield ind2=" " ind1=" " tag="720">
      <subfield code="a">Solà Monells, Xavier</subfield>
      <subfield code="e">author</subfield>
   </datafield>
   <datafield ind2=" " ind1=" " tag="260">
      <subfield code="c">2016</subfield>
   </datafield>
   <datafield ind2=" " ind1=" " tag="520">
      <subfield code="a">Altres ajuts: DER2013-41638R</subfield>
   </datafield>
   <datafield ind2=" " ind1=" " tag="520">
      <subfield code="a">La imposición de límites máximos de edad en las ofertas de empleo constituye, tanto en el sector público como en el privado, una práctica absolutamente generalizada y difícilmente compatible con la prohibición de discriminación por razón de edad. Hasta la fecha los órganos de la jurisdicción ordinaria española se han mostrado bastante permisivos con estas restricciones, particularmente en el ámbito social, en contraste con la posición mantenida por el Tribunal Constitucional, mucho más rigurosa. La toma en consideración de la Directiva 2000/78 y de la interpretación que le ha dado el Tribunal de Justicia de la Unión Europea en sus últimas sentencias requiere un reajuste de la jurisprudencia interna, porque lleva a restringir la validez de los límites máximos de edad a los casos donde obedezcan a un objetivo legítimo, resulten adecuados y sean proporcionados atendiendo a las concretas circunstancias de cada caso. El correcto entendimiento y aplicación de esta triple exigencia será decisivo para erradicar una práctica que perjudica singularmente a los trabajadores de edad.</subfield>
   </datafield>
   <datafield ind2=" " ind1=" " tag="520">
      <subfield code="a">The imposition of maximum age limits on job vacancies constitutes, in both the public and the private sector, an absolutely widespread practice and hardly compatible with the prohibition of discrimination on the grounds of age. To date, Spanish ordinary courts have been permissive with these restrictions, particularly in the social field, in contrast to the position held by the Spanish Constitutional Court, much more rigorous. Taking into account Directive 2000/78 and the interpretation given to it by the demand will be decisive in eradicating a practice that is particularly detrimental to older workers.</subfield>
   </datafield>
   <datafield tag="653" ind2=" " ind1=" ">
      <subfield code="a">Discriminación por razón de edad</subfield>
   </datafield>
   <datafield tag="653" ind2=" " ind1=" ">
      <subfield code="a">Acceso al empleo</subfield>
   </datafield>
   <datafield tag="653" ind2=" " ind1=" ">
      <subfield code="a">Contratación</subfield>
   </datafield>
   <datafield tag="653" ind2=" " ind1=" ">
      <subfield code="a">Límite de edad</subfield>
   </datafield>
   <datafield tag="653" ind2=" " ind1=" ">
      <subfield code="a">Discrimination on the grounds of age</subfield>
   </datafield>
   <datafield tag="653" ind2=" " ind1=" ">
      <subfield code="a">Access to employment</subfield>
   </datafield>
   <datafield tag="653" ind2=" " ind1=" ">
      <subfield code="a">Hiring</subfield>
   </datafield>
   <datafield tag="653" ind2=" " ind1=" ">
      <subfield code="a">Age limits</subfield>
   </datafield>
   <datafield ind2="0" ind1="0" tag="245">
      <subfield code="a">La imposición de límites máximos de edad en el acceso al empleo</subfield>
   </datafield>
</record></metadata></record></GetRecord></OAI-PMH>